In Xanadu : (Record no. 328961)
[ view plain ]
| 000 -LEADER | |
|---|---|
| fixed length control field | 00821cam a2200277 a 4500 |
| 001 - CONTROL NUMBER | |
| control field | 3400486 |
| 003 - CONTROL NUMBER IDENTIFIER | |
| control field | Nust |
| 005 - DATE AND TIME OF LATEST TRANSACTION | |
| control field | 20180731094857.0 |
| 008 - FIXED-LENGTH DATA ELEMENTS--GENERAL INFORMATION | |
| fixed length control field | 890824s1990 nyub b 001 0 eng |
| 010 ## - LIBRARY OF CONGRESS CONTROL NUMBER | |
| LC control number | 89040506 |
| 020 ## - INTERNATIONAL STANDARD BOOK NUMBER | |
| International Standard Book Number | 9780143031079 |
| Terms of availability | Rs. 695 |
| 038 ## - RECORD CONTENT LICENSOR | |
| Staff Name | Arshad |
| 040 ## - CATALOGING SOURCE | |
| Original cataloging agency | DLC |
| Transcribing agency | DLC |
| Modifying agency | DLC |
| 043 ## - GEOGRAPHIC AREA CODE | |
| Geographic area code | a------ |
| 050 00 - LIBRARY OF CONGRESS CALL NUMBER | |
| Classification number | DS10 |
| Item number | .D35 1990 |
| 082 00 - DEWEY DECIMAL CLASSIFICATION NUMBER | |
| Classification number | 915.04428 |
| Author Mark | DAL |
| 100 1# - MAIN ENTRY--PERSONAL NAME | |
| Personal name | Dalrymple, William. |
| 9 (RLIN) | 9813 |
| 245 10 - TITLE STATEMENT | |
| Title | In Xanadu : |
| Remainder of title | a quest / |
| Statement of responsibility, etc. | William Dalrymple. |
| 260 ## - PUBLICATION, DISTRIBUTION, ETC. | |
| Place of publication, distribution, etc. | New York : |
| Name of publisher, distributor, etc. | Vintage Books, |
| Date of publication, distribution, etc. | 1990. |
| 300 ## - PHYSICAL DESCRIPTION | |
| Extent | 314 p. : |
| Other physical details | maps ; |
| Dimensions | 21 cm. |
| 490 0# - SERIES STATEMENT | |
| Series statement | Vintage departures |
| 504 ## - BIBLIOGRAPHY, ETC. NOTE | |
| Bibliography, etc. note | Includes bibliographical references (p. 306-309) and index. |
| 651 #0 - SUBJECT ADDED ENTRY--GEOGRAPHIC NAME | |
| Geographic name | Asia |
| General subdivision | Description and travel. |
| 9 (RLIN) | 11233 |
| 906 ## - LOCAL DATA ELEMENT F, LDF (RLIN) | |
| a | 7 |
| b | cbc |
| c | orignew |
| d | 1 |
| e | ocip |
| f | 19 |
| g | y-gencatlg |
| 942 ## - ADDED ENTRY ELEMENTS (KOHA) | |
| Source of classification or shelving scheme | |
| Koha item type | Book |
| Withdrawn status | Lost status | Source of classification or shelving scheme | Damaged status | Not for loan | Collection code | Permanent Location | Current Location | Shelving location | Date acquired | Total Checkouts | Full call number | Barcode | Date last seen | Copy number | Price effective from | Koha item type |
|---|---|---|---|---|---|---|---|---|---|---|---|---|---|---|---|---|
| Central Library (CL) | Central Library (CL) | Book Cart | 04/19/2017 | 915.04428 DAL | CL311 | 04/19/2017 | 1 | 04/19/2017 | Book |
